Genio y locura (Record no. 83990)

MARC details
000 -LEADER
campo de control de longitud fija 00680nam a2200181 i 4500
001 - NÚMERO DE CONTROL
campo de control 83990
003 - IDENTIFICADOR DE NÚMERO DE CONTROL
campo de control ES-MaACL
005 - FECHA Y HORA DE LA ÚLTIMA TRANSACCIÓN
campo de control 20260201162639.0
007 - CAMPO FIJO DE DESCRIPCIÓN FÍSICA--INFORMACIÓN GENERAL
campo de control de longitud fija t|
008 - DATOS DE LONGITUD FIJA--INFORMACIÓN GENERAL
campo de control de longitud fija 041119s1955 sp ||||1| spa d
100 1# - ENTRADA PRINCIPAL--NOMBRE DE PERSONA
Nombre de persona Jaspers, Karl.
9 (RLIN) 66154
245 10 - MENCIÓN DEL TÍTULO
Título Genio y locura
Resto del título : ensayo de análisis patográfico comparativo sobre Strindberg, Van Gogh, Swedenborg, Hölderlin /
Mención de responsabilidad, etc. Karl Jaspers ; traducción del alemán y prólogo por Agustín Caballero Robredo.
260 ## - PUBLICACIÓN, DISTRIBUCIÓN, ETC.
Lugar de publicación, distribución, etc. Madrid :
Nombre del editor, distribuidor, etc. Aguilar,
Fecha de publicación, distribución, etc. 1952 (
Fabricante Justo López Galán)
300 ## - DESCRIPCIÓN FÍSICA
Extensión 305 p. ;
Dimensiones 21 cm.
700 0# - ENTRADA AGREGADA--NOMBRE PERSONAL
Nombre de persona Caballero Robredo, Agustín
9 (RLIN) 33117
852 ## - LOCALIZACIÓN
Ubicación ES-MaACL
Número de control de estantería C-9985
Sublocalización o colección R.37755
Holdings
Estatus retirado Estado de pérdida Estado de daño No para préstamo Biblioteca de origen Biblioteca actual Ubicación en estantería Fecha de adquisición Fuente de adquisición Total de préstamos Signatura topográfica completa Código de barras Visto por última vez Precio de reemplazo Tipo de ítem Koha
        Biblioteca del Ateneo de Madrid Biblioteca del Ateneo de Madrid Sala Palomar 17/01/2008     C-9985 1087777 23/02/2023 23/02/2023 Libro impreso